Tile Select - Politicians - Statistics

General Stats
  • This quiz has been taken 20 times
  • The average score is 36 of 56
Answer Stats
Question Tile Select % Correct
Republican US Presidents George H.W. Bush Yes
100%
Republican US Presidents Richard Nixon Yes
100%
Republican US Presidents Abraham Lincoln Yes
95%
Republican US Presidents Lyndon B. Johnson No
95%
Democratic US Presidents Bill Clinton Yes
89%
Democratic US Presidents Jimmy Carter Yes
89%
French Presidents Charles Michel No
84%
Democratic US Presidents Dwight D. Eisenhower No
84%
French Presidents Emmanuel Macron Yes
84%
Democratic US Presidents Franklin D. Roosevelt Yes
84%
Chinese (PRC) Chairmen / Presidents Mao Zedong Yes
84%
Chinese (PRC) Chairmen / Presidents Tung Chee-hwa No
84%
Chinese (PRC) Chairmen / Presidents Xi Jinping Yes
84%
French Presidents Charles de Gaulle Yes
79%
Prime Ministers of Oceania Countries David Cameron No
79%
Chinese (PRC) Chairmen / Presidents Goh Chok Tong No
79%
Republican US Presidents Harry Truman No
79%
Presidents of African Countries Jean-Claude Duvalier No
79%
French Presidents Marine Le Pen No
79%
Presidents of African Countries Nelson Mandela Yes
79%
French Presidents Nicolas Sarkozy Yes
79%
French Presidents Yves Leterme No
79%
Presidents of Latin American Countries Fulgencio Batista Yes
74%
French Presidents Jacques Chirac Yes
74%
Prime Ministers of Oceania Countries Julia Gillard Yes
74%
Chinese (PRC) Chairmen / Presidents Lee Kuan Yew No
74%
Republican US Presidents Woodrow Wilson No
74%
Presidents of Latin American Countries Corazon Aquino No
68%
Presidents of Latin American Countries Daniel Ortega Yes
68%
Democratic US Presidents Theodore Roosevelt No
68%
Presidents of African Countries Anwar Sadat Yes
63%
Prime Ministers of Oceania Countries Chris Patten No
63%
French Presidents Francois Hollande Yes
63%
Presidents of African Countries Idi Amin Yes
63%
Presidents of Latin American Countries Jai Bolsonaro Yes
63%
Democratic US Presidents Ulysses S. Grant No
63%
Democratic US Presidents Andrew Jackson Yes
58%
Republican US Presidents Calvin Coolidge Yes
53%
Presidents of Latin American Countries Eva Peron No
53%
Presidents of Latin American Countries Jose Luis Rodriguez Zapatero No
53%
Prime Ministers of Oceania Countries Fiame Naomi Mata'afa Yes
47%
Prime Ministers of Oceania Countries James Marape Yes
47%
Presidents of African Countries Desmond Tutu No
42%
Prime Ministers of Oceania Countries Helen Clark Yes
42%
Presidents of African Countries Al-Saadi Gaddafi No
37%
Prime Ministers of Oceania Countries Stephen Harper No
37%
Presidents of Latin American Countries Vicente Fox Yes
37%
Republican US Presidents William McKinley Yes
37%
Democratic US Presidents Grover Cleveland Yes
32%
Chinese (PRC) Chairmen / Presidents Hu Jintao Yes
32%
Chinese (PRC) Chairmen / Presidents Jiang Zemin Yes
32%
Presidents of African Countries Jomo Kenyatta Yes
32%
Chinese (PRC) Chairmen / Presidents Li Xiannian Yes
26%
Prime Ministers of Oceania Countries Mahendra Chaudhry Yes
21%
Presidents of African Countries Ellen Johnson Sirleaf Yes
16%
Presidents of Latin American Countries Michelle Bachelet Yes
16%
No matching quizzes found
Score Distribution
Percent of People with Each Score
Percentile by Number Answered
Your Score History
You have not taken this quiz